Statistics for Italian soccer players scoring during the World Cup

Click here to take the quiz!

General Stats

  • This quiz has been taken 30 times
  • The average score is 20 of 60

Answer Stats

Goals Year(s) Player % Correct
91990, 1994, 1998Roberto Baggio
96%
12010Daniele De Rossi
96%
21994Dino Baggio
92%
22002, 2006Alessandro Del Piero
88%
91998, 2002Christian Vieri
88%
12006Francesco Totti
88%
91978, 1982Paolo Rossi
88%
12006Andrea Pirlo
75%
12006Filippo Inzaghi
71%
12006Fabio Grosso
71%
22006Luca Toni
67%
22006Marco Materazzi
67%
12014Mario Balotelli
63%
31934, 1938Giuseppe Meazza
58%
61990Salvatore Schillaci
54%
12006Gianluca Zambrotta
50%
51982, 1986Alessandro Altobelli
50%
12010Fabio Quagliarella
42%
22006, 2010Vincenzo Iaquinta
42%
12010Antonio Di Natale
42%
21982Marco Tardelli
42%
12006Alberto Gilardino
38%
31970Luigi Riva
38%
12014Claudio Marchisio
33%
51938Silvio Piola
33%
31970, 1974Gianni Rivera
33%
11966Sandro Mazzola
29%
11982Bruno Conti
25%
11982Francesco Graziani
21%
31934Raimundo Orsi
21%
11998Luigi Di Biagio
21%
11954Giampiero Boniperti
17%
21978Roberto Bettega
17%
21970Roberto Boninsegna
17%
11990Giuseppe Giannini
17%
11994Daniele Massaro
17%
11982Antonio Cabrini
17%
11990Aldo Serena
17%
11974Fabio Capello
17%
21934Giovanni Ferrari
13%
11970Angelo Domenghini
13%
41938Gino Colaussi
13%
11974Pietro Anastasi
13%
41934Angelo Schiavio
13%
11978Franco Causio
13%
11978Renato Zaccarelli
4%
21962Giacomo Bulgarelli
4%
11954Benito Lorenzi
4%
11934Enrique Guaita
4%
11970Tarcisio Burgnich
4%
21974, 1978Romeo Benetti
4%
11938Pietro Ferraris
4%
11954Carlo Galli
0%
11954Amleto Frignani
0%
11962Bruno Mora
0%
11950Ermes Muccinelli
0%
11954Fulvio Nesti
0%
21950Riccardo Carapellese
0%
11966Paolo Barison
0%
21950, 1954Egisto Pandolfini
0%

Score Distribution

Percentile by Number Answered

Percent of People with Each Score

Your Score History

You have not taken this quiz